ბათუმის შოთა რუსთაველის სახელმწიფო უნივერსიტეტის ბიბლიოთეკა

Electric Machines / (ბიბ.ჩანაწერი № 41096)

000 -LEADER
fixed length control field 00583nam a2200217Ia 4500
001 - CONTROL NUMBER
control field 7746
003 - CONTROL NUMBER IDENTIFIER
control field GE_BSU
005 - DATE AND TIME OF LATEST TRANSACTION
control field 20220923123700.0
008 - FIXED-LENGTH DATA ELEMENTS--GENERAL INFORMATION
fixed length control field 181216s2007en xx |||||||||||||| ||eng||
020 ## - INTERNATIONAL STANDARD BOOK NUMBER
International Standard Book Number 9780849385810
040 ## - CATALOGING SOURCE
Transcribing agency GE_BSU
041 ## - LANGUAGE CODE
Language code of text/sound track or separate title eng
080 ## - UNIVERSAL DECIMAL CLASSIFICATION NUMBER
Universal Decimal Classification number 621.31(042) G-86
100 ## - MAIN ENTRY--PERSONAL NAME
Personal name Gross Charles A.
9 (RLIN) 14732
245 ## - TITLE STATEMENT
Title Electric Machines /
Statement of responsibility, etc. Charles A. Gross
264 ## - PRODUCTION, PUBLICATION, DISTRIBUTION, MANUFACTURE, AND COPYRIGHT NOTICE
Place of production, publication, distribution, manufacture London -New York :
Name of producer, publisher, distributor, manufacturer CRC Press,
Date of production, publication, distribution, manufacture, or copyright notice 2007.
300 ## - PHYSICAL DESCRIPTION
Extent 450 p.;
Dimensions 26 cm.
653 ## - INDEX TERM--UNCONTROLLED
keyword Electric Machines
653 ## - INDEX TERM--UNCONTROLLED
keyword ელექტრო მანქანები
942 ## - ADDED ENTRY ELEMENTS (KOHA)
Koha item type წიგნი
Source of classification or shelving scheme
ეგზემპლარები
Withdrawn status Lost status Source of classification or shelving scheme Damaged status Not for loan Permanent Location Current Location Shelving location Date acquired Cost, normal purchase price Full call number Barcode Date last seen Copy number Price effective from Koha item type Public note
          ბათუმის შოთა რუსთაველის სახელმწიფო უნივერსიტეტის მთავარი ბიბლიოთეკა ტექნოლოგიური ფაკულტეტის ბიბლიოთეკა წიგნსაცავი 2018-12-17 281.00 621.31(042) G-86 24124 2018-12-17 24124 2018-12-17 წიგნი 281gel.